000 03250nab a2200313 i 4500
003 BR-BrBNA
005 20240307160106.0
008 240307b2011 bl.qr|p|oa||| 00| 0 eng |
040 _aBR-BrBNA
_beng
072 _aF03
100 _aVasconcelos, J.M.
100 _aRodrigues, M.A.
100 _aVasconcelos Filho, S.C.
100 _aSales, J.F.
100 _aSilva, F.G.
100 _aSantana, J.G.
245 _aDormancy break in seeds of “quina” (Strychnos pseudoquina A. St.-Hil.)
500 _aPublicação on-line; 28 ref.; 2 tables; Summaries (En, Pt)
520 _a ABSTRACT: “Quina” (Strychnos pseudoquina A. St. Hil) is a medicinal plant species from the Brazilian Cerrado. As its seeds show dormancy, they were subjected to the treatments precooling at 5ºC during 7 days, pre-heating at 40ºC during 7 days, pre-soaking in sulfuric acid PA during 5 and 15 min, pre-soaking in boiling water during 5 and 15 min, pre-soaking in 100 and 200 ppm gibberellic acid during 48 h, pre-soaking in distilled water during 24 and 48 h, and mechanical scarification to break dormancy. Counts were daily conducted from the 2nd day after the experiment implementation until the germination stabilization at the 65th day. The germination speed index (GSI) and the germination percentage were evaluated. Germination rates above 96% were reached in seeds pre-soaked in water during 48 h and substrate moistened with water or KNO3 . Key words: “quina”, medicinal plant, germination, Loganiaceae, seed dormancy
520 _a RESUMO: Superação da dormência de sementes de quina (Strychnos pseudoquina A. St.-Hil.). A quina (Strychnos pseudoquina A. St.-Hil) é espécie medicinal do Cerrado Brasileiro. As sementes apresentam dormência e, por isso, foram submetidas aos tratamentos préresfriamento a 5ºC durante 7 dias, pré-aquecimento a 40ºC durante 7 dias, pré-embebição em ácido sulfúrico P.A. durante 5 e 15 minutos, pré-embebição em água fervente durante 5 e 15 minutos, pré-embebição em ácido giberélico a 100 e 200 ppm, durante 48 horas, pré-embebição em água destilada durante 24 e 48 horas e escarificação mecânica, visando à superação da dormência. Foram realizadas contagens diárias entre o 2o dia após a implantação do experimento até a estabilização da germinação, que ocorreu no 65o dia. Foram avaliados o índice de velocidade de germinação (IVG) e a porcentagem de germinação. Taxas de germinação acima de 96% foram atingidas em sementes pré-embebidas em água durante 48 horas e substrato umedecido com água ou KNO3. . Palavras-chave: quina, planta medicinal, germinação, Loganiaceae, dormência de sementes
650 _aQUINA
650 _aPLANTA MEDICINAL
650 _aGERMINAÇÃO
650 _aDORMÊNCIA DE SEMENTE
773 0 _03543
_913667
_dBotucatu-SP Instituto de Biociências - Departamento de Química e Bioquímica 1998
_o2023-296812
_tRevista Brasileira de Plantas Medicinais (Brazil)
_x1516-0572
_gv. 13(4) p. 507-511; (2011)
_wBR2024000122
856 _uhttps://www.scielo.br/j/rbpm/a/dgGYZtFtSRyxzjnJzXYDdGx/?format=pdf&lang=en
942 _cAnalítica
999 _c298706
_d298706